[Event "Maharashtra Chess League"]
[Site "Pune"]
[Date "2014.06.11"]
[Round "1"]
[White "Gagare, Shardul"]
[Black "Gomes, Mary Ann"]
[Result "1-0"]
[WhiteElo "2358"]
[BlackElo "2367"]
[PlyCount "83"]
[EventDate "2014.06.11"]
[EventType "team"]
[EventCountry "IND"]

1. c4 c5 2. g3 Nc6 3. Nc3 g6 4. Bg2 Bg7 5. a3 a5 6. Nf3 d6 7. O-O e5 8. Ne1 Be6
9. d3 Nge7 10. Nc2 O-O 11. Ne3 Rb8 12. Rb1 f5 13. Ned5 Bxd5 14. Nxd5 Nxd5 15.
Bxd5+ Kh8 16. Bd2 Ne7 17. Bg2 b6 18. b4 axb4 19. axb4 Qd7 20. b5 d5 21. cxd5
Nxd5 22. Qb3 Nc7 23. Bc3 Ne6 24. Bc6 Qe7 25. Ra1 Nd4 26. Bxd4 exd4 27. Ra2 f4
28. Bf3 Be5 29. Rfa1 Qg5 30. Kg2 h5 31. Rh1 Rbe8 32. Qd5 Re7 33. Ra6 Qf6 34.
Rha1 g5 35. Ra8 Bb8 36. g4 hxg4 37. Bxg4 Rh7 38. h3 Rh4 39. Qe6 f3+ 40. exf3
Rxg4+ 41. Qxg4 Qe5 42. Rh1 1-0

[Event "Maharashtra Chess League"]
[Site "Pune"]
[Date "2014.06.11"]
[Round "1"]
[White "Ghate, Swathi"]
[Black "Bakre, Tejas"]
[Result "0-1"]
[WhiteElo "2265"]
[BlackElo "2507"]
[PlyCount "74"]
[EventDate "2014.06.11"]
[EventType "team"]
[EventCountry "IND"]

1. e4 c5 2. Nf3 d6 3. d4 cxd4 4. Nxd4 Nf6 5. Nc3 g6 6. Be3 Bg7 7. f3 O-O 8. Qd2
Nc6 9. g4 Be6 10. Nxe6 fxe6 11. O-O-O Ne5 12. Be2 Rc8 13. Nb5 d5 14. g5 Nh5 15.
f4 Nc4 16. Bxc4 Rxc4 17. exd5 Nxf4 18. dxe6 Qe8 19. Na3 Re4 20. Bxf4 Rexf4 21.
Qd7 Qb8 22. Rhe1 Rb4 23. c3 Qf4+ 24. Qd2 Qc7 25. Rf1 Rc8 26. Nb1 Be5 27. Qd7
Bf4+ 28. Kc2 Bxg5 29. Qxc7 Rxc7 30. Rd8+ Kg7 31. Rf7+ Kh6 32. Rh8 Bf6 33.
Rhxh7+ Kg5 34. Nd2 Rf4 35. Rh3 Rc6 36. Nf3+ Kf5 37. Nd4+ Rxd4 0-1

[Event "Maharashtra Chess League"]
[Site "Pune"]
[Date "2014.06.11"]
[Round "1"]
[White "Ghosh, Diptayan"]
[Black "Srinath, Narayanan"]
[Result "1/2-1/2"]
[WhiteElo "2461"]
[BlackElo "2484"]
[PlyCount "88"]
[EventDate "2014.06.11"]
[EventType "team"]
[EventCountry "IND"]

1. d4 Nf6 2. Bg5 e6 3. Nd2 c5 4. e3 cxd4 5. exd4 Be7 6. Bd3 b6 7. Ngf3 Bb7 8.
O-O O-O 9. Re1 d6 10. c3 Nbd7 11. a4 a6 12. Nf1 Re8 13. Ng3 Nf8 14. Bxf6 Bxf6
15. Be4 d5 16. Bd3 g6 17. Ne5 Bg7 18. f4 f6 19. Nf3 Qc7 20. Ne2 Nd7 21. Bc2
Rad8 22. Bb3 Kh8 23. Rf1 Bh6 24. Qe1 a5 25. Qh4 Kg7 26. Rae1 Ba6 27. Rf2 Nf8
28. g4 Bxe2 29. g5 Bxf3 30. Qxh6+ Kg8 31. Rxf3 Qf7 32. Rfe3 fxg5 33. Qxg5 Qf5
34. h4 Rd7 35. Kg2 Rb8 36. R1e2 Rf7 37. Kg3 Qb1 38. Kh2 Qf1 39. Kg3 Qg1+ 40.
Kh3 Qf1+ 41. Kg3 Qg1+ 42. Kf3 Qh1+ 43. Kg3 Qg1+ 44. Kf3 Qh1+ 1/2-1/2

[Event "Maharashtra Chess League"]
[Site "Pune"]
[Date "2014.06.11"]
[Round "1"]
[White "Gujrathi, Vidit"]
[Black "Lalith Babu, M R."]
[Result "1/2-1/2"]
[WhiteElo "2549"]
[BlackElo "2580"]
[PlyCount "57"]
[EventDate "2014.06.11"]
[EventType "team"]
[EventCountry "IND"]

1. d4 Nf6 2. c4 e6 3. Nf3 Bb4+ 4. Bd2 c5 5. g3 b6 6. Bg2 Bb7 7. Bxb4 cxb4 8. a3
bxa3 9. Nxa3 O-O 10. O-O d6 11. b4 Nbd7 12. Nb5 Qb8 13. Qd3 Rc8 14. Rfc1 a6 15.
Nc3 Qc7 16. Nd2 Bxg2 17. Kxg2 h6 18. e4 Qb7 19. f3 Nb8 20. Rab1 Nc6 21. b5 axb5
22. Nxb5 Qd7 23. Rc2 e5 24. Rbc1 Qe7 25. Qe3 Nd7 26. dxe5 dxe5 27. Rb2 Nd4 28.
Nc3 Qc5 29. Nd5 1/2-1/2

[Event "Maharashtra Chess League"]
[Site "Pune"]
[Date "2014.06.11"]
[Round "1"]
[White "Gupta, Abhijeet"]
[Black "Deshmukh, Anup"]
[Result "1-0"]
[WhiteElo "2636"]
[BlackElo "2256"]
[PlyCount "75"]
[EventDate "2014.06.11"]
[EventType "team"]
[EventCountry "IND"]

1. d4 Nf6 2. c4 g6 3. Nc3 Bg7 4. e4 d6 5. f3 O-O 6. Nge2 c5 7. d5 e6 8. Ng3
exd5 9. cxd5 a6 10. a4 b6 11. Be2 Ra7 12. O-O Re8 13. Bg5 h6 14. Be3 Rae7 15.
Qd2 Kh7 16. Kh1 Bb7 17. Rae1 Nbd7 18. f4 h5 19. e5 dxe5 20. d6 h4 21. dxe7 Qxe7
22. fxe5 Qxe5 23. Bg5 Qd4 24. Qxd4 cxd4 25. Bxh4 dxc3 26. bxc3 Rc8 27. Bf3 Bxf3
28. Rxf3 Rc4 29. Bxf6 Nxf6 30. Ref1 Nd5 31. Rxf7 Nxc3 32. Ra7 Rxa4 33. h3 Kh6
34. Re1 b5 35. Re6 Rf4 36. Raxa6 b4 37. Rxg6+ Kh7 38. Rxg7+ 1-0

[Event "Maharashtra Chess League"]
[Site "Pune"]
[Date "2014.06.11"]
[Round "1"]
[White "Karavade, Eesha"]
[Black "Narayanan, Sunilduth Lyna"]
[Result "1/2-1/2"]
[WhiteElo "2437"]
[BlackElo "2413"]
[PlyCount "86"]
[EventDate "2014.06.11"]
[EventType "team"]
[EventCountry "IND"]

1. d4 d6 2. Nf3 Bg4 3. c4 c6 4. g3 Bxf3 5. exf3 g6 6. Nc3 Bg7 7. Be3 Nf6 8. Bg2
d5 9. c5 O-O 10. O-O Nbd7 11. f4 b6 12. b4 bxc5 13. bxc5 Qa5 14. Qd2 Kh8 15.
Rab1 Ng4 16. Rb3 Rfd8 17. h3 Nh6 18. Rfb1 Nf5 19. g4 Nxe3 20. fxe3 Rab8 21.
Rxb8 Rxb8 22. Rxb8+ Nxb8 23. Qb2 Nd7 24. Bf1 h6 25. Nd1 Kh7 26. Qc2 e6 27. Nf2
Qe1 28. Qe2 Qc3 29. Kg2 a5 30. Qd3 Qc1 31. Nd1 a4 32. Be2 Nf6 33. Qc3 Qb1 34.
Qb2 Qxb2 35. Nxb2 a3 36. Na4 g5 37. Bd3+ Kg8 38. fxg5 hxg5 39. Ba6 e5 40. Bb7
exd4 41. exd4 Ne4 42. Bxc6 Bxd4 43. Bxd5 Nxc5 1/2-1/2

[Event "Maharashtra Chess League"]
[Site "Pune"]
[Date "2014.06.11"]
[Round "1"]
[White "Kulkarni, Bhakti"]
[Black "Kulkarni, Vikramaditya"]
[Result "0-1"]
[WhiteElo "2278"]
[BlackElo "2403"]
[PlyCount "128"]
[EventDate "2014.06.11"]
[EventType "team"]
[EventCountry "IND"]

1. d4 Nf6 2. c4 d6 3. Nf3 Nbd7 4. Nc3 c6 5. e4 e5 6. Be2 Be7 7. O-O O-O 8. b3
Re8 9. Bb2 a6 10. a4 a5 11. Bd3 Nh5 12. g3 Qc7 13. Bc2 g6 14. Ne1 exd4 15. Qxd4
Bf6 16. Qd2 Nc5 17. Rd1 Bh3 18. Ng2 Qb6 19. Qe3 Rad8 20. Ba3 Qc7 21. Rfe1 Bg7
22. f3 f5 23. Kh1 fxe4 24. Nxe4 Nxe4 25. Bxe4 Nf6 26. Qf4 Qb6 27. Bxd6 Qxb3 28.
c5 Nxe4 29. fxe4 Rf8 30. Qe3 Bxg2+ 31. Kxg2 Qxe3 32. Rxe3 Be5 33. Rb3 Rf7 34.
Rdd3 Re8 35. Bxe5 Rxe5 36. Rd8+ Kg7 37. Rb8 Ree7 38. Rf3 Rxe4 39. Rxf7+ Kxf7
40. Rxb7+ Ke6 41. Rxh7 Rxa4 42. Rg7 Rg4 43. h3 Rg5 44. h4 Kf6 45. Ra7 Rxc5 46.
Ra6 Kf5 47. Kf3 Rc3+ 48. Kf2 Rc5 49. Kf3 Ke5 50. g4 Rc3+ 51. Ke2 Rc5 52. Ke3
Kd5 53. h5 gxh5 54. gxh5 Kc4 55. h6 Kb5 56. Ra8 Rh5 57. Rh8 Kc4 58. h7 c5 59.
Kd2 Rh3 60. Ra8 Rh2+ 61. Kd1 Rxh7 62. Rxa5 Kb4 63. Ra8 c4 64. Rg8 Kc3 0-1

[Event "Maharashtra Chess League"]
[Site "Pune"]
[Date "2014.06.11"]
[Round "1"]
[White "Kulkarni, Rakesh"]
[Black "Dharia, Parnali"]
[Result "1-0"]
[WhiteElo "2274"]
[BlackElo "1874"]
[PlyCount "99"]
[EventDate "2014.06.11"]
[EventType "team"]
[EventCountry "IND"]

1. c4 e5 2. Nc3 Nf6 3. g3 d5 4. cxd5 Nxd5 5. Bg2 Nxc3 6. bxc3 Bc5 7. Nf3 Nc6 8.
d3 O-O 9. O-O Re8 10. Rb1 Bb6 11. Qa4 Bd7 12. Bg5 f6 13. Bd2 Nd4 14. Qd1 Nxf3+
15. Bxf3 c6 16. Qa4 Qc7 17. Qh4 Rad8 18. c4 Be6 19. Be4 f5 20. Bg2 Rd4 21. Qh5
g6 22. Qh6 Rd7 23. Rfc1 Bc5 24. Bc3 b6 25. h4 Bf8 26. Qe3 Bg7 27. a4 c5 28. a5
f4 29. Qe4 fxg3 30. fxg3 Rb8 31. axb6 axb6 32. Qc6 Qxc6 33. Bxc6 Rd6 34. Be4
Kf8 35. Rc2 Ke7 36. Ra2 b5 37. Ra5 b4 38. Bd2 Rc8 39. Be3 Rd4 40. Bxd4 exd4 41.
Ra7+ Bd7 42. h5 Kd6 43. hxg6 hxg6 44. Ra6+ Ke7 45. Rxg6 Bf6 46. Rf1 Be5 47. Bf5
Be8 48. Re6+ Kd8 49. Rxe5 b3 50. Bxc8 1-0

[Event "Maharashtra Chess League"]
[Site "Pune"]
[Date "2014.06.11"]
[Round "1"]
[White "Kunte, Abhijit"]
[Black "Sethuraman, S P."]
[Result "1/2-1/2"]
[WhiteElo "2482"]
[BlackElo "2579"]
[PlyCount "65"]
[EventDate "2014.06.11"]
[EventType "team"]
[EventCountry "IND"]

1. Nf3 Nf6 2. c4 b6 3. g3 c5 4. Bg2 Bb7 5. O-O g6 6. Nc3 Bg7 7. Re1 O-O 8. e4
Nc6 9. e5 Ne8 10. d4 d6 11. dxc5 dxc5 12. Bf4 Nc7 13. Qc1 Nd4 14. Ne4 Nce6 15.
Nxd4 cxd4 16. Nf6+ exf6 17. Bxb7 Nxf4 18. gxf4 Rb8 19. Bd5 Re8 20. e6 fxe6 21.
Bxe6+ Kh8 22. Qd2 Qd6 23. f5 b5 24. b3 bxc4 25. bxc4 Re7 26. Bd5 Re5 27. Rxe5
fxe5 28. Qd3 gxf5 29. Qxf5 Rf8 30. Qh5 Qf6 31. f3 Bh6 32. Rd1 Rd8 33. Kh1
1/2-1/2

[Event "Maharashtra Chess League"]
[Site "Pune"]
[Date "2014.06.11"]
[Round "1"]
[White "Mohanty, Kiran Manisha"]
[Black "Joshi, Supriya"]
[Result "1-0"]
[WhiteElo "2195"]
[BlackElo "1814"]
[PlyCount "95"]
[EventDate "2014.06.11"]
[EventType "team"]
[EventCountry "IND"]

1. e4 e5 2. Nf3 Nc6 3. Bb5 a6 4. Ba4 d6 5. O-O b5 6. Bb3 Be7 7. a4 Bg4 8. Re1
Nf6 9. c3 O-O 10. d3 b4 11. a5 Rb8 12. Bc4 Qc8 13. Nbd2 h6 14. Nf1 Be6 15. Ne3
Bxc4 16. Nxc4 Rd8 17. Ne3 Bf8 18. c4 g6 19. Bd2 Nd7 20. Nd5 Nc5 21. Be3 Nd7 22.
d4 Bg7 23. Qa4 Qb7 24. Qxc6 exd4 25. Bd2 Nc5 26. Qxb7 Rxb7 27. Ne7+ Kf8 28. Nc6
Re8 29. Nfxd4 Nxe4 30. Be3 Nc5 31. Rad1 f5 32. h4 Ne4 33. h5 Kf7 34. hxg6+ Kxg6
35. Bc1 Rf8 36. Ne6 Rf6 37. Nf4+ Kf7 38. Nd8+ Kg8 39. Nxb7 Rf7 40. Nd8 Rd7 41.
Nc6 b3 42. Nd5 Nc5 43. Bxh6 Bxb2 44. Be3 Ne4 45. Rb1 Be5 46. Nxe5 dxe5 47. f3
Ng3 48. Nf6+ 1-0

[Event "Maharashtra Chess League"]
[Site "Pune"]
[Date "2014.06.11"]
[Round "1"]
[White "Pujari, Rucha"]
[Black "Swaminathan, Soumya"]
[Result "1/2-1/2"]
[WhiteElo "2131"]
[BlackElo "2298"]
[PlyCount "140"]
[EventDate "2014.06.11"]
[EventType "team"]
[EventCountry "IND"]

1. d4 Nf6 2. c4 g6 3. Nf3 Bg7 4. g3 O-O 5. Bg2 d5 6. O-O dxc4 7. Na3 Nc6 8.
Nxc4 Be6 9. b3 Bd5 10. Bb2 a5 11. Ne3 Be4 12. a3 Bh6 13. Nc4 Bd5 14. Qc2 a4 15.
b4 Be4 16. Qd1 Qd7 17. Nfe5 Nxe5 18. dxe5 Bxg2 19. exf6 Qxd1 20. Rfxd1 Bh3 21.
fxe7 Rfe8 22. Bf6 Bg7 23. Bxg7 Kxg7 24. Ne3 Rxe7 25. Nd5 Re5 26. Rac1 Rd8 27.
Nf4 Rxd1+ 28. Rxd1 Bf5 29. e3 c5 30. bxc5 Rxc5 31. Rd4 b5 32. Rb4 Bd7 33. Ne2
Bh3 34. f3 Rc2 35. Kf2 Be6 36. Ke1 Bc4 37. Nd4 Rxh2 38. Nxb5 Re2+ 39. Kd1 Bxb5
40. Rxb5 Rxe3 41. Ra5 Rxf3 42. Rxa4 Rxg3 43. Ke2 h5 44. Kf2 Rb3 45. Ra7 g5 46.
a4 Kg6 47. a5 f6 48. a6 Ra3 49. Ra8 Kf5 50. a7 h4 51. Kg2 g4 52. Kf2 h3 53. Rb8
Rxa7 54. Rb5+ Kf4 55. Rb4+ Kg5 56. Kg3 Ra3+ 57. Kh2 f5 58. Rb5 Ra2+ 59. Kg1 g3
60. Rb1 Kg4 61. Kh1 h2 62. Rb4+ Kf3 63. Rb3+ Ke2 64. Re3+ Kd2 65. Rd3+ Kc1 66.
Rd1+ Kb2 67. Rb1+ Ka3 68. Rb3+ Ka4 69. Rb4+ Ka5 70. Rb5+ Kxb5 1/2-1/2

[Event "Maharashtra Chess League"]
[Site "Pune"]
[Date "2014.06.11"]
[Round "1"]
[White "Sachdev, Tania"]
[Black "Sharma, Himanshu"]
[Result "0-1"]
[WhiteElo "2368"]
[BlackElo "2427"]
[PlyCount "114"]
[EventDate "2014.06.11"]
[EventType "team"]
[EventCountry "IND"]

1. d4 Nf6 2. c4 d5 3. Nc3 e6 4. cxd5 exd5 5. Bg5 c6 6. Qc2 Be7 7. e3 Nbd7 8.
Nf3 Nh5 9. Bxe7 Qxe7 10. O-O-O Nb6 11. h3 Nf6 12. Bd3 Be6 13. Kb1 O-O-O 14. Na4
Nxa4 15. Qxa4 Kb8 16. Rc1 Nd7 17. Rc3 Nb6 18. Qa5 f6 19. Nd2 Qc7 20. Rhc1 Nc8
21. Qa4 Bd7 22. Qc2 h5 23. Nb3 b6 24. Bf5 Ne7 25. Bxd7 Rxd7 26. a4 a5 27. f3 h4
28. e4 Qd6 29. Rd1 Rc8 30. Nc1 g5 31. Rb3 Rb7 32. Qf2 Ng6 33. Nd3 Qe6 34. e5
fxe5 35. Nxe5 Nxe5 36. dxe5 d4 37. Rbd3 c5 38. f4 Qf5 39. Ka2 Qxf4 40. Qxf4
gxf4 41. Rf1 Rf8 42. Rdf3 Rg7 43. Rxf4 Rxf4 44. Rxf4 Rxg2 45. Rxh4 Re2 46. Kb3
Kc7 47. Rh5 Kc6 48. h4 Kd5 49. e6+ Kxe6 50. Rh6+ Kd5 51. Rxb6 c4+ 52. Ka3 d3
53. Rb8 Re6 54. Rd8+ Rd6 55. Rg8 d2 56. Rg1 Ke4 57. Rd1 Kd3 0-1

[Event "Maharashtra Chess League"]
[Site "Pune"]
[Date "2014.06.11"]
[Round "1"]
[White "Shah, Sagar"]
[Black "Adhiban, B."]
[Result "0-1"]
[WhiteElo "2314"]
[BlackElo "2575"]
[PlyCount "64"]
[EventDate "2014.06.11"]
[EventType "team"]
[EventCountry "IND"]

1. Nf3 d5 2. d4 Nf6 3. c4 e6 4. Nc3 c6 5. e3 Nbd7 6. Qc2 Bd6 7. e4 Nxe4 8. Nxe4
dxe4 9. Qxe4 Bb4+ 10. Bd2 Bxd2+ 11. Nxd2 O-O 12. Bd3 Nf6 13. Qe3 Ng4 14. Qh3 f5
15. Nf3 e5 16. Nxe5 Qa5+ 17. Kf1 Nxe5 18. dxe5 Qxe5 19. Rb1 Be6 20. Qe3 Qf6 21.
f4 Rfe8 22. Qf3 Rad8 23. b3 Qc3 24. Rd1 Bf7 25. g3 Re7 26. Kf2 Rde8 27. g4 Qb2+
28. Kf1 Re3 29. Qf2 Qc3 30. Bxf5 Rf3 31. Kg1 Rxf2 32. Kxf2 Qe3+ 0-1

[Event "Maharashtra Chess League"]
[Site "Pune"]
[Date "2014.06.11"]
[Round "1"]
[White "Thejkumar, M  S."]
[Black "Shashikant, Kutwal"]
[Result "1-0"]
[WhiteElo "2446"]
[BlackElo "2314"]
[PlyCount "69"]
[EventDate "2014.06.11"]
[EventType "team"]
[EventCountry "IND"]

1. d4 Nf6 2. c4 g6 3. Nf3 Bg7 4. Nc3 d6 5. e4 O-O 6. Be2 e5 7. O-O Na6 8. Be3
Ng4 9. Bg5 Qe8 10. dxe5 dxe5 11. Qc1 f6 12. Bd2 f5 13. h3 Nf6 14. exf5 Bxf5 15.
Bh6 c6 16. Bxg7 Kxg7 17. Qe3 e4 18. Nd4 Kh8 19. Rfe1 Rd8 20. Rad1 Qe7 21. Bf1
Rde8 22. a3 Qf7 23. b4 Nc7 24. b5 Bd7 25. bxc6 bxc6 26. Nb3 Be6 27. Nc5 Kg8 28.
Nb7 Re7 29. Nd8 Qe8 30. Nxe4 Nfd5 31. cxd5 Nxd5 32. Qd4 Bf5 33. Nxc6 Qxc6 34.
Bc4 Bxe4 35. Rxe4 1-0

[Event "Maharashtra Chess League"]
[Site "Pune"]
[Date "2014.06.11"]
[Round "1"]
[White "Udeshi, Aditya"]
[Black "Rout, Padmini"]
[Result "0-1"]
[WhiteElo "2420"]
[BlackElo "2367"]
[PlyCount "113"]
[EventDate "2014.06.11"]
[EventType "team"]
[EventCountry "IND"]

1. e4 c5 2. Nf3 d6 3. d4 cxd4 4. Nxd4 Nf6 5. Nc3 a6 6. Be3 e5 7. Nf3 Be7 8. Bc4
O-O 9. O-O Be6 10. Qe2 Qc7 11. Bb3 Nc6 12. Rfd1 h6 13. Rac1 Na5 14. Nd5 Bxd5
15. Bxd5 Nxd5 16. Rxd5 Nc4 17. b3 Nxe3 18. Qxe3 f5 19. c4 fxe4 20. Qxe4 Rf4 21.
Qe2 Raf8 22. Nd2 Rxf2 23. Qxf2 Rxf2 24. Kxf2 Qb6+ 25. Kf3 Bg5 26. Re1 Bxd2 27.
Rxd2 Qc6+ 28. Kf2 b5 29. cxb5 axb5 30. Red1 Qc5+ 31. Kf1 Qa3 32. Rc2 Qa6 33. h3
b4+ 34. Kg1 h5 35. Rdd2 e4 36. Kf2 Qb6+ 37. Kf1 Qe3 38. Rd5 Qf4+ 39. Ke1 h4 40.
Kd1 Qf1+ 41. Kd2 Qxg2+ 42. Kc1 Qxh3 43. Rxd6 Qf1+ 44. Rd1 Qf4+ 45. Kb2 h3 46.
Rh1 Qe5+ 47. Kb1 e3 48. Rhh2 g5 49. a3 bxa3 50. Ka2 g4 51. Kxa3 Kg7 52. b4 Qe6
53. Rhe2 g3 54. b5 h2 55. Rc1 Qe7+ 56. Ka4 h1=Q 57. Rxh1 0-1

[Event "Maharashtra Chess League"]
[Site "Pune"]
[Date "2014.06.11"]
[Round "1"]
[White "Vignesh, Nr"]
[Black "Kathmale, Sameer"]
[Result "1-0"]
[WhiteElo "2085"]
[BlackElo "2236"]
[PlyCount "99"]
[EventDate "2014.06.11"]
[EventType "team"]
[EventCountry "IND"]

1. d4 d5 2. Nf3 Nf6 3. c4 c6 4. e3 Bf5 5. Bd3 Bxd3 6. Qxd3 e6 7. O-O Nbd7 8.
Nbd2 Be7 9. e4 dxe4 10. Nxe4 O-O 11. Rd1 Qa5 12. Bd2 Qa6 13. Nxf6+ Nxf6 14. Bf4
Rad8 15. b3 b5 16. cxb5 Qxb5 17. Rac1 Ba3 18. Rc4 Rd5 19. Ra4 Bc5 20. Qc2 Rfd8
21. Rc4 Bd6 22. Bxd6 R5xd6 23. Rc1 Qa6 24. a4 Qb7 25. Ne5 Rxd4 26. Rxd4 Rxd4
27. Nxc6 Rg4 28. f3 Rg5 29. Qd2 Rd5 30. Qb4 Qxb4 31. Nxb4 Rd8 32. Nc6 Rd7 33.
Nxa7 g5 34. Nc6 Nd5 35. b4 Nf4 36. Rc2 Rd1+ 37. Kf2 Rb1 38. Rd2 Rb3 39. a5 Nd3+
40. Rxd3 Rxd3 41. a6 Rd2+ 42. Ke3 Ra2 43. a7 Kf8 44. Na5 Ra3+ 45. Kd4 Ra4 46.
a8=Q+ Kg7 47. Qb7 Kf6 48. Nc6 h6 49. Qe7+ Kg7 50. Ne5 1-0

[Event "Maharashtra Chess League"]
[Site "Pune"]
[Date "2014.06.11"]
[Round "1"]
[White "Vishnu Prasanna, V."]
[Black "Hagawane, Aakanksha"]
[Result "1-0"]
[WhiteElo "2479"]
[BlackElo "1802"]
[PlyCount "69"]
[EventDate "2014.06.11"]
[EventType "team"]
[EventCountry "IND"]

1. e4 e5 2. Nf3 Nc6 3. Bb5 a6 4. Ba4 Nf6 5. d3 b5 6. Bb3 Be7 7. O-O O-O 8. a4
Bb7 9. Nbd2 d6 10. c3 Re8 11. Re1 Na5 12. Ba2 c5 13. Nf1 Bf8 14. Bg5 g6 15. Ne3
Bg7 16. Bd5 h6 17. Bxf6 Bxf6 18. Bxb7 Nxb7 19. axb5 axb5 20. Qb3 Rxa1 21. Rxa1
Qd7 22. Ra7 Qc6 23. Qd5 Nd8 24. h4 Bg7 25. Qa2 Ne6 26. h5 g5 27. Nd5 Kf8 28.
Nd2 Qc8 29. Nf1 Qd8 30. Nfe3 Kg8 31. Nf5 Bf8 32. Rd7 Qa8 33. Nf6+ Kh8 34. Rxf7
Ng7 35. Ra7 1-0

[Event "Maharashtra Chess League"]
[Site "Pune"]
[Date "2014.06.12"]
[Round "2"]
[White "Gagare, Shardul"]
[Black "Dharia, Parnali"]
[Result "1-0"]
[WhiteElo "2358"]
[BlackElo "1874"]
[PlyCount "112"]
[EventDate "2014.06.11"]
[EventType "team"]
[EventCountry "IND"]

1. c4 e6 2. g3 Nf6 3. Bg2 d5 4. Nf3 Be7 5. O-O O-O 6. d4 c5 7. cxd5 exd5 8. Nc3
Nc6 9. Bg5 c4 10. Ne5 Be6 11. Rc1 h6 12. Bxf6 Bxf6 13. Nxc6 bxc6 14. b3 cxb3
15. axb3 Rb8 16. Na4 Rb4 17. e3 Bd7 18. Nc5 Be7 19. Nxd7 Qxd7 20. Qc2 Rb6 21.
Rfd1 Rfb8 22. Rd3 Qb7 23. Bf3 a5 24. Kg2 Ba3 25. Rcd1 Qe7 26. h4 Bd6 27. Rc3
Qb7 28. Ra1 Bb4 29. Rd3 Qe7 30. Rdd1 Rd8 31. Rdc1 Ba3 32. Rcb1 Bb4 33. Qf5 Qe6
34. Qd3 Re8 35. Rc1 Kh8 36. Rc2 Kg8 37. Re2 Qd6 38. h5 Rd8 39. Rd1 Rb7 40. Qa6
Qc7 41. Rc2 Rb6 42. Qd3 Qd6 43. e4 dxe4 44. Qxe4 Qf6 45. Rxc6 Rxc6 46. Qxc6 Rd6
47. Qc8+ Qd8 48. Qc4 Kf8 49. Rd3 Kg8 50. Be4 Kf8 51. Rf3 Qe7 52. Bd5 f6 53. Re3
Qd8 54. Bc6 Rxd4 55. Qc2 Be7 56. Qh7 Kf7 1-0

[Event "Maharashtra Chess League"]
[Site "Pune"]
[Date "2014.06.12"]
[Round "2"]
[White "Gomes, Mary Ann"]
[Black "Adhiban, B."]
[Result "0-1"]
[WhiteElo "2367"]
[BlackElo "2575"]
[PlyCount "46"]
[EventDate "2014.06.11"]
[EventType "team"]
[EventCountry "IND"]

1. Nf3 d5 2. c4 d4 3. g3 Nc6 4. d3 e5 5. Bg2 Nf6 6. O-O a5 7. e3 Bc5 8. exd4
Bxd4 9. Nxd4 Nxd4 10. Re1 O-O 11. Rxe5 Bg4 12. f3 Nxf3+ 13. Bxf3 Qd4+ 14. Re3
Rae8 15. Nc3 Rxe3 16. Bxe3 Qxe3+ 17. Kg2 Rd8 18. Bxg4 Rxd3 19. Qf1 Nxg4 20. Re1
Rd2+ 21. Re2 Rxe2+ 22. Nxe2 Qe4+ 23. Kh3 Ne3 0-1

[Event "Maharashtra Chess League"]
[Site "Pune"]
[Date "2014.06.12"]
[Round "2"]
[White "Gujrathi, Vidit"]
[Black "Sethuraman, S P."]
[Result "1-0"]
[WhiteElo "2549"]
[BlackElo "2579"]
[PlyCount "97"]
[EventDate "2014.06.11"]
[EventType "team"]
[EventCountry "IND"]

1. d4 e6 2. Nf3 Nf6 3. c4 b6 4. g3 Bb4+ 5. Bd2 Bxd2+ 6. Qxd2 Ba6 7. b3 d5 8.
cxd5 Ne4 9. Qc2 exd5 10. Nc3 Nxc3 11. Qxc3 O-O 12. e3 Bb7 13. Bg2 Nd7 14. O-O
c6 15. Rac1 Qf6 16. Rc2 Rac8 17. Rfc1 Qf5 18. b4 h6 19. Qa3 a6 20. Qb3 Rfe8 21.
a4 Ba8 22. Ne1 c5 23. bxc5 bxc5 24. dxc5 Bc6 25. a5 Ne5 26. Qc3 Rb8 27. Rd2 Rb1
28. Rdd1 Rxc1 29. Rxc1 Rb8 30. Nc2 Ng4 31. Rf1 Qh5 32. h3 Nf6 33. g4 Qg5 34.
Nd4 Qe5 35. Rc1 Qc7 36. Nf5 Kh7 37. Qd3 Kg8 38. Qxa6 Be8 39. Nd4 Bd7 40. Qd6
Qa7 41. c6 Rc8 42. Qc5 Qa8 43. Qb6 Be8 44. a6 Rb8 45. Qa5 Qa7 46. c7 Rc8 47.
Bf1 Ne4 48. Qxd5 Nd2 49. Qb7 1-0

[Event "Maharashtra Chess League"]
[Site "Pune"]
[Date "2014.06.12"]
[Round "2"]
[White "Kulkarni, Bhakti"]
[Black "Shah, Sagar"]
[Result "0-1"]
[WhiteElo "2278"]
[BlackElo "2314"]
[PlyCount "120"]
[EventDate "2014.06.11"]
[EventType "team"]
[EventCountry "IND"]

1. d4 Nf6 2. Nf3 e6 3. e3 c5 4. Bd3 d5 5. b3 Nc6 6. O-O Bd6 7. Bb2 O-O 8. Ne5
Qc7 9. f4 cxd4 10. exd4 Nb4 11. Nd2 Nxd3 12. cxd3 Bd7 13. Rc1 Qa5 14. a4 Rac8
15. Qe2 Qb6 16. Nxd7 Nxd7 17. Qf2 Nf6 18. h3 Bb4 19. Nf3 Qd6 20. Ne5 Ba3 21. f5
Rxc1 22. Bxc1 Bxc1 23. Rxc1 Qb6 24. fxe6 fxe6 25. Qb2 Qd6 26. Qc3 Nh5 27. Qc5
Qd8 28. Rf1 Nf4 29. Rf3 Qg5 30. Qc2 h5 31. Kh2 h4 32. Qf2 Rf5 33. Qd2 Nxh3 34.
Qxg5 Nxg5 35. Rxf5 exf5 36. Ng6 Kf7 37. Nxh4 Kf6 38. Kg3 Ne6 39. Nf3 g5 40. b4
g4 41. Ne5 Nxd4 42. Nd7+ Kg5 43. Nc5 b6 44. Na6 f4+ 45. Kf2 g3+ 46. Kf1 Kg4 47.
Nc7 f3 48. Nxd5 f2 49. Ne3+ Kf4 50. Nd5+ Ke5 51. Ne3 Nf5 52. Nc2 Kf4 53. Ke2
Ke5 54. Kf1 Kd5 55. a5 bxa5 56. bxa5 a6 57. d4 Kc4 58. d5 Kxd5 59. Nb4+ Kc4 60.
Nc2 Kc3 0-1

[Event "Maharashtra Chess League"]
[Site "Pune"]
[Date "2014.06.12"]
[Round "2"]
[White "Kulkarni, Chinmay"]
[Black "Dhopade, Swapnil"]
[Result "1/2-1/2"]
[WhiteElo "2257"]
[BlackElo "2377"]
[PlyCount "87"]
[EventDate "2014.06.11"]
[EventType "team"]
[EventCountry "IND"]

1. e4 c6 2. d4 d5 3. Nc3 dxe4 4. Nxe4 Bf5 5. Ng3 Bg6 6. Bc4 e6 7. N1e2 Bd6 8.
Nf4 Nf6 9. Bb3 O-O 10. Qf3 Bxf4 11. Bxf4 Qxd4 12. O-O Nbd7 13. Rad1 Qb6 14. h4
h6 15. h5 Bh7 16. Rd2 Nd5 17. Bd6 Rfe8 18. c4 N5f6 19. Rfd1 a5 20. Bc2 Bxc2 21.
Rxc2 c5 22. Rcd2 Qc6 23. Qe2 Rad8 24. Bf4 Qc8 25. Qd3 e5 26. Be3 Qc7 27. Nf5
Nxh5 28. Nd6 Rf8 29. Nb5 Qc8 30. Qf5 Nhf6 31. Nd6 Qc6 32. Nb5 Qc8 33. Nd6 Qb8
34. b3 b6 35. Nb5 Qc8 36. Nd6 Qc6 37. Nb5 Qc8 38. Nd6 Qc6 39. Nb5 Qc8 40. Nd6
Qb8 41. Nb5 Qc8 42. Nd6 Qc6 43. Nb5 Qc8 44. Nd6 1/2-1/2

[Event "Maharashtra Chess League"]
[Site "Pune"]
[Date "2014.06.12"]
[Round "2"]
[White "Kulkarni, Rakesh"]
[Black "Joshi, Supriya"]
[Result "1-0"]
[WhiteElo "2274"]
[BlackElo "1814"]
[PlyCount "101"]
[EventDate "2014.06.11"]
[EventType "team"]
[EventCountry "IND"]

1. b3 e5 2. Bb2 f6 3. c4 d5 4. cxd5 Qxd5 5. Nc3 Qd8 6. Nf3 Nc6 7. e3 Bd6 8. Bc4
Bg4 9. h3 Bh5 10. Ne4 Nge7 11. O-O Bg6 12. Nxd6+ Qxd6 13. d4 e4 14. Nd2 f5 15.
Rc1 a6 16. Be2 O-O 17. Nc4 Qd8 18. Ne5 Kh8 19. Nxc6 Nxc6 20. d5 Ne7 21. Qd4 Rf6
22. Qc5 Rd6 23. Qc3 Qf8 24. Qxc7 Rxd5 25. Ba3 Re8 26. Rfd1 Rxd1+ 27. Rxd1 Qf6
28. Qxb7 Bf7 29. Bxe7 Qxe7 30. Qxe7 Rxe7 31. Rd8+ Re8 32. Rxe8+ Bxe8 33. Bxa6
Kg8 34. Kf1 Kf8 35. Ke2 Ke7 36. Kd2 Kd6 37. Kc3 g5 38. Kd4 Bd7 39. Bc4 h5 40.
a4 h4 41. a5 Bc6 42. b4 g4 43. Bf1 gxh3 44. gxh3 Bd7 45. b5 Bc8 46. a6 Kc7 47.
Kc5 Kb8 48. b6 Bd7 49. Kd6 Be8 50. Bc4 Bh5 51. Bd5 1-0

[Event "Maharashtra Chess League"]
[Site "Pune"]
[Date "2014.06.12"]
[Round "2"]
[White "Kunte, Abhijit"]
[Black "Gupta, Abhijeet"]
[Result "0-1"]
[WhiteElo "2482"]
[BlackElo "2636"]
[PlyCount "78"]
[EventDate "2014.06.11"]
[EventType "team"]
[EventCountry "IND"]

1. d4 Nf6 2. Nf3 g6 3. g3 Bg7 4. c4 c6 5. Bg2 d5 6. Qb3 O-O 7. O-O dxc4 8. Qxc4
Bf5 9. Nc3 Nbd7 10. Rd1 Ne4 11. Bd2 Qb6 12. Nxe4 Bxe4 13. Bc3 Nf6 14. Bb4 Nd5
15. Ba3 Rfd8 16. Rac1 Qb5 17. b3 Qa5 18. Qa4 Qxa4 19. bxa4 a5 20. Ne1 Bxg2 21.
Kxg2 Nb4 22. Rc4 b5 23. axb5 cxb5 24. Rc5 Nxa2 25. Rd2 Bxd4 26. Rxb5 Nc3 27.
Rb7 e5 28. e3 Ne4 29. Rc2 Bc3 30. Nf3 Rdb8 31. Re7 Rb3 32. Bc1 Kf8 33. Rc7 a4
34. Rc4 f5 35. Ng1 a3 36. Ra2 Bb2 37. f3 Nc3 38. Rxc3 Rxc3 39. Bxb2 Rc2+ 0-1